Recent Developments in the Global Business Environment.

Výzkum aktuálných trendov v oblasti strategického managementu a podnikovej výkonnosti v takmer 200 organizácií po celom svete pomocou kvalitatívnej výskumnej metódy.

Salvato in:
Dettagli Bibliografici
Autore principale: Blahová, Michaela
Altri autori: Pálka, Přemysl, Hrabec, Dušan
Natura: Capitolo di libro
Lingua:inglese
Soggetti:
Tags: Aggiungi Tag
Nessun Tag, puoi essere il primo ad aggiungerne!!

MARC

LEADER 00000naa a2200000 4500
001 0253272
005 20190502112742.5
041 0 |a eng 
044 |a SK 
245 1 0 |a Recent Developments in the Global Business Environment.  |c Michaela Blahová, Přemysl Pálka, Dušan Hrabec 
520 |a Výzkum aktuálných trendov v oblasti strategického managementu a podnikovej výkonnosti v takmer 200 organizácií po celom svete pomocou kvalitatívnej výskumnej metódy. 
610 2 0 |a prostredie podnikateľské 
610 2 0 |a hospodárstvo svetové 
610 2 0 |a globalizácia 
610 2 0 |a manažment strategický 
610 2 0 |a rozvoj hospodársky 
610 2 0 |a výkonnosť ekonomiky 
610 2 0 |a výkonnosť podniku 
610 2 0 |a meranie výkonnosti 
100 1 |a Blahová, Michaela 
700 1 |a Pálka, Přemysl 
700 1 |a Hrabec, Dušan